000 00536cam a2200205 4500
001 J108554
008 000000n1998 000 0 eng u
035 _a(Sirsi) u108554
050 _a381.1
110 _aHealey and Baker
_91907
245 _aSunday and extended hours trading
260 _aLondon
_bHealey & Baker
_c1998
300 _a23p. ; 30cm.
650 _aSUNDAY TRADING
650 _aHIGH STREET
650 _aSHOPPING
650 _aRETAILERS
690 _aPROPERTY-COMMERCIAL PROPERTY-RETAIL PROPERTY
942 _n0
999 _c100817
_d100817